Statistics for New Orleans Pelicans Leaders Per Year

Click here to take the quiz!

General Stats

  • This quiz has been taken 1,338 times
    (94 since last reset)
  • The average score is 10 of 31

Answer Stats

Player% Correct
Zion Williamson
97%
Brandon Ingram
93%
Anthony Davis
92%
Baron Davis
91%
Chris Paul
86%
Jonas Valančiūnas
80%
Herbert Jones
65%
Jrue Holiday
52%
Lonzo Ball
48%
David West
42%
Steven Adams
42%
Tyson Chandler
26%
Jamal Mashburn
25%
Rajon Rondo
22%
Emeka Okafor
20%
Ryan Anderson
20%
Dyson Daniels
18%
P.J. Brown
17%
David Wesley
11%
Jamaal Magloire
11%
Tyreke Evans
11%
Derrick Favors
9%
Greivis Vasquez
8%
Trevor Ariza
7%
Chris Andersen
6%
Robin Lopez
6%
Al-Farouq Aminu
5%
Chris Kaman
5%
Dan Dickau
3%
Lee Nailon
3%
Marco Belinelli
3%

Score Distribution

Percentile by Number Answered

Percent of People with Each Score

Your Score History

You have not taken this quiz since the last reset